| 000 | 00873nam a2200229 a 4500 | ||
|---|---|---|---|
| 001 | 39995 | ||
| 003 | BD-RjUL | ||
| 005 | 20211209053120.0 | ||
| 008 | 160420s1962 bg ||||| |||| 00| 0 ben d | ||
| 020 | _c: PRs 5.00 | ||
| 035 | _a(BD-RjUL) | ||
| 040 |
_aBD-RjUL _bben _cBD-RjUL |
||
| 041 | _aben | ||
| 082 |
_223 _a398 _bKAL 1962 |
||
| 100 |
_aকাসিমপুরী, মোহাম্মদ সিরাজুদ্দীন _9123188 |
||
| 245 | 1 | o |
_aলোক-সাহত্যে ছড়া _cমোহাম্মদ সিরাজুদ্দীন কাসিমপুরী |
| 260 |
_aঢাকা _bবাংলা একাডেমী _c১৯৬২ [১৩৬৯] |
||
| 300 |
_a[১০], ১৭৫ পৃ. ; _c২১ সেমি |
||
| 650 |
_aলোকসাহিত্য _9123189 |
||
| 650 |
_aFolklore _9123190 |
||
| 942 |
_2ddc _cBK |
||
| 999 |
_c39995 _d39995 |
||